Statistiques concernant Pays avec le plus d'Albanais

Cliquez ici pour prendre le quiz!

Statistiques générales

  • Ce quiz a été pris 202 fois
  • Le résultat moyen est 14 sur 18

Statistiques - réponses

NombrePays% Correct
44 000France
97%
2 509 879Albanie
92%
300 000Allemagne
92%
800 000 (en comptant
les Arberèches)
Italie
92%
1 749 323Kosovo
91%
entre 500 000
et 5 000 000
Turquie
89%
entre 280 000
et 600 000
Grèce
87%
193 813États-Unis
86%
509 803Macédoine du Nord
84%
200 000Suisse
83%
30 000Royaume-Uni
82%
17 513Croatie
77%
30 439Monténégro
73%
28 270Canada
71%
28 212Autriche
69%
10 000Roumanie
67%
54 000Suède
60%
40 000Argentine
21%

Distribution des résultats

Percentile par nombre de réponses

% des personnes avec chaque résultat

Votre développement - résultats

Vous n’avez pas pris ce quiz